Missing Word: 4-Letter Words in TV Shows Quiz Stats

 Plays Quiz not verified by Sporcle

Score 0/18 Timer 02:30
0 Plays Today
TV Show Missing Word % Correct
Saturday Night ___Live
97.4%
Sex and the ___City
95.8%
The Big ___ TheoryBang
95.4%
___ of ThronesGame
94.5%
The ___ WifeGood
86.9%
The ___ WingWest
86.6%
The Handmaid's ___Tale
86.1%
___ BettyUgly
85.6%
NYPD ___Blue
84.7%
TV Show Missing Word % Correct
One ___ in the GraveFoot
84.4%
___ McBealAlly
84%
30 ___Rock
82.1%
___ & MollyMike
77.5%
Man v. ___Food
52.6%
___ CitySpin
45.5%
United States of __Tara
35.2%
Top ___Gear
32.6%
___ and AgainOnce
24.8%

You're not logged in!

Compare scores with friends on all Sporcle quizzes.
OR
Log In

Show Comments

Extras

Top Quizzes Today


Score Distribution

Your Account Isn't Verified!

In order to create a playlist on Sporcle, you need to verify the email address you used during registration. Go to your Sporcle Settings to finish the process.

Report this User

Report this user for behavior that violates our Community Guidelines.

Details: